ARRUPE JESUIT UNIVERSITY

CORONAVIRUS -STOP THE SPREAD - CLEAN,DISINFECT,COVER

The defence of Calais, (Record no. 119431)

MARC details
000 -LEADER
fixed length control field 00931cam a22002771 4500
001 - CONTROL NUMBER
control field 7858011
003 - CONTROL NUMBER IDENTIFIER
control field ARRUPE
005 - DATE AND TIME OF LATEST TRANSACTION
control field 20131220132843.0
008 - FIXED-LENGTH DATA ELEMENTS--GENERAL INFORMATION
fixed length control field 750408s1941 xx 000 0 eng
010 ## - LIBRARY OF CONGRESS CONTROL NUMBER
LC control number 42051091
035 ## - SYSTEM CONTROL NUMBER
System control number (OCoLC)1260506
040 ## - CATALOGING SOURCE
Original cataloging agency DLC
Transcribing agency OCU
Modifying agency DLC
050 00 - LIBRARY OF CONGRESS CALL NUMBER
Classification number D756.5.C2
Item number L5 1941
082 ## - DEWEY DECIMAL CLASSIFICATION NUMBER
Classification number 940.542
300 ## - PHYSICAL DESCRIPTION
Other physical details illus., map.
Dimensions 18 cm.
100 1# - MAIN ENTRY--PERSONAL NAME
Personal name Linklater, Eric,
Dates associated with a name 1899-1974.
9 (RLIN) 6238
245 14 - TITLE STATEMENT
Title The defence of Calais,
Statement of responsibility, etc by Eric Linklater.
260 ## - PUBLICATION, DISTRIBUTION, ETC. (IMPRINT)
Place of publication, distribution, etc London,
Name of publisher, distributor, etc H. M. Stationery off.,
Date of publication, distribution, etc 1941.
300 ## - PHYSICAL DESCRIPTION
Extent 36 p.
440 #4 - SERIES STATEMENT/ADDED ENTRY--TITLE
Title The Army at war
9 (RLIN) 6239
500 ## - GENERAL NOTE
General note "Issued for the War office by the Ministry of information."-p. [2] of cover.
650 #0 - SUBJECT ADDED ENTRY--TOPICAL TERM
Topical term or geographic name as entry element Calais, Battle of, Calais, France, 1940.
9 (RLIN) 6240
710 1# - ADDED ENTRY--CORPORATE NAME
Corporate name or jurisdiction name as entry element Great Britain.
Subordinate unit War Office.
9 (RLIN) 6241
710 1# - ADDED ENTRY--CORPORATE NAME
Corporate name or jurisdiction name as entry element Great Britain.
Subordinate unit Ministry of Information.
9 (RLIN) 6242
906 ## - LOCAL DATA ELEMENT F, LDF (RLIN)
a 7
b cbc
c oclcrpl
d u
e ncip
f 19
g y-gencatlg
942 ## - ADDED ENTRY ELEMENTS (KOHA)
Source of classification or shelving scheme Library of Congress Classification
Koha item type Monograph ( Printed materials)
Holdings
Withdrawn status Lost status Source of classification or shelving scheme Damaged status Not for loan Home library Current library Date acquired Total Checkouts Full call number Barcode Date last seen Price effective from Koha item type
    Library of Congress Classification     ARRUPE LIBRARY ARRUPE LIBRARY 20/12/2013   D756.5.C2 L5 1941 464122940 13/10/2017 20/12/2013 Monograph ( Printed materials)

 

Arrupe Library. PO Box MP320 Mt Pleasant, Harare, Zimbabwe
263 242 745411|librarian@aju.ac.zw